000 00516nam a2200181Ia 4500
005 20250508162005.0
008 008 250505s9999 xx 000 0 eng d
037 _aTextual
040 _aFEDL
_beng
_cFEDL
041 _aeng
_2eng
084 _a750, JOH
_qFEDL
100 _aJohnston F C
_9771971
245 0 _aSketching and painting: A step by step introduction
260 _aLondon, UK
_bMacmillan Education Ltd.
_c1976
300 _a156p.
942 _cTEXL
_h750, JOH
999 _c1373689
_d1373689